ბათუმის შოთა რუსთაველის სახელმწიფო უნივერსიტეტის ბიბლიოთეკა

Дифракция на многоугольниках и многранниках (ბიბ.ჩანაწერი № 38853)

000 -LEADER
fixed length control field 00603nam a2200205Ia 4500
001 - CONTROL NUMBER
control field 5263
003 - CONTROL NUMBER IDENTIFIER
control field GE_BSU
008 - FIXED-LENGTH DATA ELEMENTS--GENERAL INFORMATION
fixed length control field 181216s||||||||xx |||||||||||||| ||und||
040 ## - CATALOGING SOURCE
Transcribing agency GE_BSU
080 ## - UNIVERSAL DECIMAL CLASSIFICATION NUMBER
Universal Decimal Classification number 530
100 ## - MAIN ENTRY--PERSONAL NAME
Personal name Боровиков, В.А.
245 ## - TITLE STATEMENT
Title Дифракция на многоугольниках и многранниках
245 ## - TITLE STATEMENT
Statement of responsibility, etc. Ред. М.Ф.Федорюк
260 ## - PUBLICATION, DISTRIBUTION, ETC.
Place of publication, distribution, etc. Москва
260 ## - PUBLICATION, DISTRIBUTION, ETC.
Name of publisher, distributor, etc. Наука.
260 ## - PUBLICATION, DISTRIBUTION, ETC.
Date of publication, distribution, etc. 1966
300 ## - PHYSICAL DESCRIPTION
Extent 455 с;20 см.
653 ## - INDEX TERM--UNCONTROLLED
Uncontrolled term Дифракция на многоугольниках и многранниках
942 ## - ADDED ENTRY ELEMENTS (KOHA)
Koha item type წიგნი
ეგზემპლარები
Withdrawn status Lost status Damaged status Not for loan Date acquired Barcode Date last seen Price effective from Koha item type
        2018-12-17 16289 2018-12-17 2018-12-17 წიგნი